000 00588cam a2200229 4500
001 J64683
008 000000n2001 000 0 eng u
035 _a(Sirsi) u113672
050 _a333.3309421
110 _aChesterton
_92357
245 _aLondon residential trends - Quarter one 2001
260 _aLondon
_bChesterton
_c2001
300 _a1 pt. ; 30cm.
650 _aRESIDENTIAL PROPERTY
_96266
650 _aRENTAL YIELDS
650 _aRENTAL VALUE
650 _aLONDON
650 _aHOUSE PRICES
650 _aPRIVATE RENTED SECTOR
690 _aHOUSING
942 _n0
999 _c101537
_d101537